Top XIs: Celtic FC (1978-2023) - Statistics

General Stats
  • This quiz has been taken 1,567 times
  • The average score is 214 of 450
Answer Stats
Hint Position Answer % Correct
1997/1998 ST Henrik Larsson
87%
1998/1999 ST Henrik Larsson
87%
2000/2001 ST Henrik Larsson
87%
2001/2002 ST Henrik Larsson
87%
2002/2003 ST Henrik Larsson
87%
2003/2004 ST Henrik Larsson
87%
2017/2018 MF Callum McGregor
85%
2018/2019 MF Callum McGregor
85%
2019/2020 MF Callum McGregor
85%
2020/2021 MF Callum McGregor
85%
2021/2022 MF Callum McGregor
85%
2022/2023 MF Callum McGregor
85%
2007/2008 MF Scott Brown
85%
2008/2009 MF Scott Brown
85%
2009/2010 MF Scott Brown
85%
2010/2011 MF Scott Brown
85%
2013/2014 MF Scott Brown
85%
2014/2015 MF Scott Brown
85%
2015/2016 MF Scott Brown
85%
2016/2017 MF Scott Brown
85%
2017/2018 MF Scott Brown
85%
2018/2019 MF Scott Brown
85%
2019/2020 MF Scott Brown
85%
2020/2021 MF Scott Brown
85%
2021/2022 DF C. Carter-Vickers
76%
2022/2023 DF C. Carter-Vickers
76%
2000/2001 ST Chris Sutton
75%
2002/2003 ST Chris Sutton
75%
2003/2004 ST Chris Sutton
75%
2004/2005 ST Chris Sutton
75%
2022/2023 DF Greg Taylor
75%
2015/2016 DF Kieran Tierney
75%
2016/2017 DF Kieran Tierney
75%
2017/2018 DF Kieran Tierney
75%
2018/2019 DF Kieran Tierney
75%
2016/2017 ST Moussa Dembélé
75%
2017/2018 ST Moussa Dembélé
75%
2016/2017 MF James Forrest
72%
2017/2018 MF James Forrest
72%
2018/2019 MF James Forrest
72%
2019/2020 MF James Forrest
72%
2001/2002 ST John Hartson
71%
2004/2005 ST John Hartson
71%
2005/2006 ST John Hartson
71%
2021/2022 ST Jota
71%
2022/2023 ST Jota
71%
2018/2019 ST Odsonne Edouard
71%
2019/2020 ST Odsonne Edouard
71%
2020/2021 ST Odsonne Edouard
71%
2021/2022 DF Carl Starfelt
70%
2022/2023 ST Daizen Maeda
70%
2001/2002 DF Dianbobo Baldé
67%
2002/2003 DF Dianbobo Baldé
67%
2003/2004 DF Dianbobo Baldé
67%
2004/2005 DF Dianbobo Baldé
67%
2005/2006 DF Dianbobo Baldé
67%
2001/2002 MF Neil Lennon
67%
2002/2003 MF Neil Lennon
67%
2003/2004 MF Neil Lennon
67%
2004/2005 MF Neil Lennon
67%
2005/2006 MF Neil Lennon
67%
2006/2007 MF Neil Lennon
67%
1982/1983 MF Paul McStay
67%
1983/1984 MF Paul McStay
67%
1984/1985 MF Paul McStay
67%
1986/1987 MF Paul McStay
67%
1987/1988 MF Paul McStay
67%
1988/1989 MF Paul McStay
67%
1989/1990 MF Paul McStay
67%
1990/1991 MF Paul McStay
67%
1991/1992 MF Paul McStay
67%
1992/1993 MF Paul McStay
67%
1993/1994 MF Paul McStay
67%
1994/1995 MF Paul McStay
67%
1995/1996 MF Paul McStay
67%
2013/2014 DF Virgil van Dijk
67%
2014/2015 DF Virgil van Dijk
67%
2010/2011 ST Gary Hooper
66%
2011/2012 ST Gary Hooper
66%
2012/2013 ST Gary Hooper
66%
2016/2017 MF Scott Sinclair
66%
2017/2018 MF Scott Sinclair
66%
2018/2019 MF Scott Sinclair
66%
1982/1983 DF Graeme Sinclair
65%
1983/1984 DF Graeme Sinclair
65%
2021/2022 DF Josip Juranović
65%
2022/2023 DF Josip Juranović
65%
2021/2022 ST Liel Abada
65%
2021/2022 ST Kyogo Furuhashi
64%
2022/2023 ST Kyogo Furuhashi
64%
1985/1986 DF Willie McStay
64%
1997/1998 MF Paul Lambert
63%
1998/1999 MF Paul Lambert
63%
1999/2000 MF Paul Lambert
63%
2000/2001 MF Paul Lambert
63%
2001/2002 MF Paul Lambert
63%
2002/2003 MF Paul Lambert
63%
2003/2004 MF Paul Lambert
63%
1995/1996 ST Andreas Thom
62%
2008/2009 ST Georgios Samaras
62%
2009/2010 ST Georgios Samaras
62%
2012/2013 ST Georgios Samaras
62%
2013/2014 MF Georgios Samaras
62%
2014/2015 ST Leigh Griffiths
62%
2015/2016 ST Leigh Griffiths
62%
2007/2008 ST Scott McDonald
62%
2008/2009 ST Scott McDonald
62%
2000/2001 MF Stiliyan Petrov
62%
2001/2002 MF Stiliyan Petrov
62%
2002/2003 MF Stiliyan Petrov
62%
2003/2004 MF Stiliyan Petrov
62%
2004/2005 MF Stiliyan Petrov
62%
2005/2006 MF Stiliyan Petrov
62%
2021/2022 DF Anthony Ralston
61%
2012/2013 DF Mikael Lustig
61%
2015/2016 DF Mikael Lustig
61%
2016/2017 DF Mikael Lustig
61%
2017/2018 DF Mikael Lustig
61%
2018/2019 DF Mikael Lustig
61%
1984/1985 ST Mo Johnston
61%
1985/1986 ST Mo Johnston
61%
1986/1987 ST Mo Johnston
61%
1978/1979 DF Roddie MacDonald
60%
1979/1980 DF Roddie MacDonald
60%
2015/2016 MF Tom Rogic
60%
2016/2017 MF Tom Rogic
60%
2021/2022 MF Tom Rogic
60%
2010/2011 ST Anthony Stokes
59%
2011/2012 ST Anthony Stokes
59%
2013/2014 ST Anthony Stokes
59%
2005/2006 MF Shunsuke Nakamura
59%
2006/2007 MF Shunsuke Nakamura
59%
2007/2008 MF Shunsuke Nakamura
59%
2008/2009 MF Shunsuke Nakamura
59%
2015/2016 MF Stuart Armstrong
59%
2016/2017 MF Stuart Armstrong
59%
2000/2001 MF Alan Thompson
58%
2002/2003 MF Alan Thompson
58%
2003/2004 MF Alan Thompson
58%
2004/2005 MF Alan Thompson
58%
2015/2016 DF Dedryck Boyata
58%
2017/2018 DF Dedryck Boyata
58%
2018/2019 DF Dedryck Boyata
58%
2004/2005 MF Aiden McGeady
56%
2006/2007 MF Aiden McGeady
56%
2007/2008 MF Aiden McGeady
56%
2008/2009 MF Aiden McGeady
56%
2009/2010 MF Aiden McGeady
56%
2020/2021 MF David Turnbull
56%
2021/2022 MF David Turnbull
56%
2022/2023 MF David Turnbull
56%
1998/1999 DF Johan Mjällby
56%
1999/2000 DF Johan Mjällby
56%
2000/2001 DF Johan Mjällby
56%
2001/2002 DF Johan Mjällby
56%
2002/2003 DF Johan Mjällby
56%
2012/2013 DF Kelvin Wilson
55%
2010/2011 DF Mark Wilson
55%
2022/2023 MF Matt O'Riley
55%
2019/2020 MF Ryan Christie
55%
2020/2021 MF Ryan Christie
55%
2000/2001 DF Didier Agathe
54%
2001/2002 DF Didier Agathe
54%
2002/2003 DF Didier Agathe
54%
2003/2004 DF Didier Agathe
54%
2012/2013 MF Kris Commons
54%
2013/2014 MF Kris Commons
54%
2014/2015 MF Kris Commons
54%
2018/2019 DF Kristoffer Ajer
54%
2019/2020 DF Kristoffer Ajer
54%
2020/2021 DF Kristoffer Ajer
54%
2005/2006 DF Stephen McManus
54%
2006/2007 DF Stephen McManus
54%
2007/2008 DF Stephen McManus
54%
2008/2009 DF Stephen McManus
54%
1978/1979 DF Danny McGrain
53%
1979/1980 DF Danny McGrain
53%
1980/1981 DF Danny McGrain
53%
1981/1982 DF Danny McGrain
53%
1982/1983 DF Danny McGrain
53%
1983/1984 DF Danny McGrain
53%
1984/1985 DF Danny McGrain
53%
1985/1986 DF Danny McGrain
53%
1986/1987 DF Danny McGrain
53%
1996/1997 DF Jackie McNamara
53%
1997/1998 DF Jackie McNamara
53%
2000/2001 DF Jackie McNamara
53%
2003/2004 DF Jackie McNamara
53%
2004/2005 DF Jackie McNamara
53%
2010/2011 DF Emilio Izaguirre
52%
2011/2012 DF Emilio Izaguirre
52%
2012/2013 DF Emilio Izaguirre
52%
2013/2014 DF Emilio Izaguirre
52%
2014/2015 DF Emilio Izaguirre
52%
2016/2017 DF Jozo Šimunović
52%
2017/2018 DF Jozo Šimunović
52%
2011/2012 MF Victor Wanyama
52%
2012/2013 MF Victor Wanyama
52%
2010/2011 MF Joe Ledley
51%
2011/2012 MF Joe Ledley
51%
2012/2013 MF Joe Ledley
51%
2013/2014 MF Joe Ledley
51%
2006/2007 ST Kenny Miller
51%
2010/2011 DF Charlie Mulgrew
50%
2011/2012 DF Charlie Mulgrew
50%
2012/2013 DF Charlie Mulgrew
50%
2013/2014 DF Charlie Mulgrew
50%
1990/1991 MF Joe Miller
50%
1992/1993 DF Tom Boyd
50%
1993/1994 DF Tom Boyd
50%
1994/1995 DF Tom Boyd
50%
1995/1996 DF Tom Boyd
50%
1996/1997 DF Tom Boyd
50%
1997/1998 DF Tom Boyd
50%
1998/1999 DF Tom Boyd
50%
2006/2007 DF Gary Caldwell
49%
2007/2008 DF Gary Caldwell
49%
2008/2009 DF Gary Caldwell
49%
2009/2010 DF Gary Caldwell
49%
2022/2023 DF Moritz Jenz
49%
2014/2015 MF Nir Bitton
49%
2015/2016 MF Nir Bitton
49%
2009/2010 ST Robbie Keane
49%
1980/1981 MF Tommy Burns
49%
1981/1982 MF Tommy Burns
49%
1983/1984 MF Tommy Burns
49%
1985/1986 MF Tommy Burns
49%
1988/1989 MF Tommy Burns
49%
2005/2006 MF Shaun Maloney
47%
2006/2007 DF Lee Naylor
46%
2007/2008 DF Lee Naylor
46%
2008/2009 DF Lee Naylor
46%
1999/2000 MF L'ubomír Moravčík
46%
2001/2002 MF L'ubomír Moravčík
46%
1980/1981 ST Charlie Nicholas
45%
1982/1983 ST Charlie Nicholas
45%
1991/1992 ST Charlie Nicholas
45%
1993/1994 ST Charlie Nicholas
45%
2012/2013 DF Efe Ambrose
45%
2013/2014 DF Efe Ambrose
45%
2014/2015 DF Efe Ambrose
45%
1996/1997 ST Paolo Di Canio
45%
2011/2012 DF Adam Matthews
44%
2019/2020 DF Christopher Jullien
44%
2014/2015 DF Jason Denayer
44%
2019/2020 DF Jeremie Frimpong
44%
2020/2021 DF Jeremie Frimpong
44%
2017/2018 MF Olivier Ntcham
44%
2018/2019 MF Olivier Ntcham
44%
2019/2020 MF Olivier Ntcham
44%
2010/2011 MF Sung-Yong Ki
44%
2011/2012 MF Sung-Yong Ki
44%
2001/2002 DF Joos Valgaeren
43%
2002/2003 DF Joos Valgaeren
43%
2004/2005 DF Joos Valgaeren
43%
2007/2008 MF Paul Hartley
43%
2008/2009 MF Paul Hartley
43%
2020/2021 DF Shane Duffy
43%
2006/2007 ST Jan V. of Hesselink
42%
2007/2008 ST Jan V. of Hesselink
42%
1978/1979 MF Roy Aitken
42%
1979/1980 MF Roy Aitken
42%
1980/1981 MF Roy Aitken
42%
1981/1982 MF Roy Aitken
42%
1982/1983 MF Roy Aitken
42%
1983/1984 MF Roy Aitken
42%
1984/1985 MF Roy Aitken
42%
1985/1986 MF Roy Aitken
42%
1986/1987 MF Roy Aitken
42%
1987/1988 MF Roy Aitken
42%
1988/1989 MF Roy Aitken
42%
1989/1990 MF Roy Aitken
42%
2014/2015 MF Stefan Johansen
42%
2015/2016 MF Stefan Johansen
42%
1987/1988 ST Frank McAvennie
41%
1988/1989 ST Frank McAvennie
41%
1995/1996 MF Simon Donnelly
41%
1996/1997 MF Simon Donnelly
41%
1997/1998 ST Simon Donnelly
41%
1987/1988 ST Andy Walker
39%
1989/1990 ST Andy Walker
39%
1994/1995 ST Andy Walker
39%
2010/2011 MF Beram Kayal
39%
2011/2012 MF Beram Kayal
39%
2020/2021 DF Diego Laxalt
39%
1996/1997 DF Malky Mackay
39%
1999/2000 ST Mark Viduka
39%
1984/1985 MF Peter Grant
39%
1985/1986 MF Peter Grant
39%
1986/1987 MF Peter Grant
39%
1987/1988 MF Peter Grant
39%
1989/1990 MF Peter Grant
39%
1990/1991 MF Peter Grant
39%
1992/1993 MF Peter Grant
39%
1993/1994 MF Peter Grant
39%
1994/1995 MF Peter Grant
39%
1995/1996 MF Peter Grant
39%
1996/1997 MF Peter Grant
39%
1995/1996 ST P. van Hooijdonk
39%
1996/1997 ST P. van Hooijdonk
39%
2015/2016 DF Erik Sviatchenko
38%
2016/2017 DF Erik Sviatchenko
38%
1990/1991 MF John Collins
38%
1991/1992 MF John Collins
38%
1992/1993 MF John Collins
38%
1993/1994 MF John Collins
38%
1994/1995 MF John Collins
38%
1995/1996 MF John Collins
38%
1996/1997 ST Jorge Cadete
38%
2020/2021 MF Moham. Elyounoussi
38%
2000/2001 MF Bobby Petta
37%
2003/2004 DF Stanislav Varga
37%
2004/2005 DF Stanislav Varga
37%
1997/1998 DF Alan Stubbs
36%
1998/1999 DF Alan Stubbs
36%
1999/2000 DF Alan Stubbs
36%
2008/2009 DF Andreas Hinkel
36%
2009/2010 DF Andreas Hinkel
36%
1980/1981 ST Frank McGarvey
36%
1981/1982 ST Frank McGarvey
36%
1982/1983 ST Frank McGarvey
36%
1984/1985 ST Frank McGarvey
36%
1997/1998 MF Craig Burley
35%
1998/1999 MF Craig Burley
35%
2005/2006 ST Maciej Żurawski
35%
1987/1988 DF Mick McCarthy
35%
1988/1989 DF Mick McCarthy
35%
1983/1984 ST Brian McClair
34%
1984/1985 ST Brian McClair
34%
1985/1986 ST Brian McClair
34%
1986/1987 ST Brian McClair
34%
2005/2006 DF Paul Telfer
34%
2010/2011 DF Daniel Majstorović
33%
2011/2012 DF Daniel Majstorović
33%
2009/2010 DF Darren O'Dea
32%
2014/2015 ST John Guidetti
32%
1978/1979 MF Murdo MacLeod
32%
1979/1980 MF Murdo MacLeod
32%
1981/1982 MF Murdo MacLeod
32%
1982/1983 MF Murdo MacLeod
32%
1983/1984 MF Murdo MacLeod
32%
1984/1985 MF Murdo MacLeod
32%
1985/1986 MF Murdo MacLeod
32%
1986/1987 MF Murdo MacLeod
32%
1998/1999 DF Stéphane Mahé
32%
1999/2000 DF Stéphane Mahé
32%
2007/2008 MF Massimo Donati
31%
1987/1988 DF Anton Rogan
30%
1988/1989 DF Anton Rogan
30%
1990/1991 DF Anton Rogan
30%
1978/1979 ST Bobby Lennox
30%
1979/1980 ST Bobby Lennox
30%
2019/2020 DF Boli Bolingoli
30%
2006/2007 MF Thomas Gravesen
30%
2009/2010 DF Glenn Loovens
29%
1998/1999 ST Harald Brattbakk
29%
2006/2007 MF Jiří Jarošík
29%
2005/2006 DF Mo Camara
29%
1994/1995 MF Phil O'Donnell
29%
2013/2014 ST Teemu Pukki
29%
1994/1995 DF Tosh McKinlay
29%
1995/1996 DF Tosh McKinlay
29%
1996/1997 DF Tosh McKinlay
29%
1987/1988 DF Chris Morris
28%
1988/1989 DF Chris Morris
28%
1989/1990 DF Chris Morris
28%
1991/1992 DF Chris Morris
28%
1978/1979 MF David Provan
28%
1979/1980 MF David Provan
28%
1980/1981 MF David Provan
28%
1981/1982 MF David Provan
28%
1982/1983 MF David Provan
28%
1989/1990 DF Paul Elliott
28%
1990/1991 DF Paul Elliott
28%
1995/1996 DF John Hughes
27%
1997/1998 DF Marc Rieper
27%
2000/2001 DF Ramon Vega
27%
1986/1987 DF Derek Whyte
26%
1987/1988 DF Derek Whyte
26%
1988/1989 DF Derek Whyte
26%
1989/1990 DF Derek Whyte
26%
1990/1991 DF Derek Whyte
26%
1991/1992 DF Derek Whyte
26%
1978/1979 ST George McCluskey
26%
1979/1980 ST George McCluskey
26%
1981/1982 ST George McCluskey
26%
2009/2010 MF Landry N'Guémo
26%
1988/1989 ST Mark McGhee
26%
1987/1988 MF Billy Stark
25%
1988/1989 MF Billy Stark
25%
1991/1992 DF Brian O'Neil
25%
1994/1995 DF Brian O'Neil
25%
1998/1999 MF Regi Blinker
25%
1998/1999 MF Vidar Riseth
25%
1999/2000 MF Vidar Riseth
25%
1999/2000 MF Eyal Berkovic
24%
1996/1997 MF Morten Wieghorst
24%
1997/1998 MF Morten Wieghorst
24%
1999/2000 MF Morten Wieghorst
24%
1995/1996 DF Rudi Vata
24%
1990/1991 ST Tommy Coyne
24%
1991/1992 ST Tommy Coyne
24%
1997/1998 DF Enrico Annoni
23%
1978/1979 MF Johnny Doyle
23%
1979/1980 MF Johnny Doyle
23%
1978/1979 DF Tom McAdam
23%
1979/1980 DF Tom McAdam
23%
1980/1981 DF Tom McAdam
23%
1981/1982 DF Tom McAdam
23%
1982/1983 DF Tom McAdam
23%
1983/1984 DF Tom McAdam
23%
1984/1985 DF Tom McAdam
23%
2009/2010 MF Marc Crosas
22%
1992/1993 DF Tony Mowbray
21%
1990/1991 ST Gerry Creaney
20%
1992/1993 ST Gerry Creaney
20%
1992/1993 DF Mark McNally
20%
1993/1994 DF Mark McNally
20%
1994/1995 DF Mark McNally
20%
1980/1981 DF Mark Reid
20%
1981/1982 DF Mark Reid
20%
1982/1983 DF Mark Reid
20%
1983/1984 DF Mark Reid
20%
1984/1985 DF Mark Reid
20%
1999/2000 DF Olivier Tébily
20%
1989/1990 ST Dar. Dziekanowski
19%
1989/1990 MF Mike Galloway
19%
1991/1992 MF Mike Galloway
19%
1992/1993 MF Mike Galloway
19%
1985/1986 ST Alan McInally
18%
1986/1987 ST Alan McInally
18%
1989/1990 DF Dariusz Wdowczyk
18%
1990/1991 DF Dariusz Wdowczyk
18%
1992/1993 DF Dariusz Wdowczyk
18%
1993/1994 DF Dariusz Wdowczyk
18%
1991/1992 ST Tony Cascarino
18%
1994/1995 ST Willie Falconer
18%
1991/1992 DF Gary Gillespie
17%
1993/1994 DF Gary Gillespie
17%
1993/1994 MF Pat McGinlay
17%
1992/1993 MF Stuart Slater
17%
1993/1994 MF Paul Byrne
15%
1980/1981 MF Dom Sullivan
14%
1981/1982 MF Dom Sullivan
14%
1978/1979 DF Jóh. Eðvaldsson
14%
1979/1980 DF Jóh. Eðvaldsson
14%
1985/1986 DF Paul McGugan
13%
1986/1987 DF Paul McGugan
13%
1980/1981 DF Alan Sneddon
12%
1983/1984 ST Jim Melrose
11%
No matching quizzes found
Score Distribution
Percent of People with Each Score
Percentile by Number Answered
Your Score History
You have not taken this quiz